00641nam a2200181 i 450000100060000000300090000600500170001500700030003200800410003510000280007624500940010426000300019830000320022870000280026085200320028899900170032095201220033770695ES-MaACL20230906170906.0t|040802s1971 xxu ||||1| spa d1 aGarrard, Jeanne.95563910aFlowers of Bermuda / cJeanne Garrard, [story] ; Hans W. Hannau, [fotography and design]. aMiami : bArgos, c[1971] a64 p., 16 lám. ; c16 cm.1 aGarrard, Jeanne.955639 aES-MaACLjC-47189 bR.81661 c70695d70695 00104070aATENEOMbATENEOMcDEPO2d2008-01-17eSCl0oC-47189p1074023r2023-02-23 00:00:00w2023-02-23yMONOGRAFIA